| 000 | 00415nam a2200157Ia 4500 | ||
|---|---|---|---|
| 005 | 20250423100330.0 | ||
| 008 | 250422s9999 xx 000 0 und d | ||
| 020 | _a9789789352999 | ||
| 050 | _aKP 68 .S3/ | ||
| 100 | _aIsa Ayo Salami 0fr,pca | ||
| 245 | 0 | _aNigeria judiciary :contemporary Issues in Administration of justice. | |
| 260 | _c2013 | ||
| 300 | _a570 p | ||
| 650 | _aNigeria judiciary. | ||
| 942 | _cBK | ||
| 999 |
_c32985 _d32985 |
||